LEADER 00862nam a2200217 i 4500 001 000000043100 003 CaOOAMICUS 005 20231115150210.0 008 120220s1957 it u000 u ita u 013 $a14270 040 $aSeMil$bita 245 12$aI sacramenti. 300 $a222 p. 650 4$aCatechismo - Manuali e sussidi.$0(OLS)http://semarc/subject/253 710 0 $aArcidiocesi di Milano : Ufficio catechistico diocesano.$0(OLS)http://semarc/name/7692 773 0 $aStoppani, Giovanni Maria $tGuida alla catechesi parrocchiale.$dMilano : Pontificia Editrice Arcivescovile Daverio, 1950-1959.$gAnno3$w()846 850 $aSeMil 852 $aSeMil$W1$xVenegono$y1$m2D IV 189$j9255$B9255$CSeMilBibl$Z2$F9255 $81 961 $aOmaggio: Deposito 996 $6245$aI sacramenti$9(OLS)http://semarc/title/9613 LEADER 01331nam a2200265 i 4500 001 000000116690 003 CaOOAMICUS 005 20030626000000.0 008 030626s1997 it u000 u ita u 013 $a89379 020 $a88-01-00887-2 040 $aSeMil$bita 245 10$aAtti del Convegno su Michele Pellegrino a dieci anni dalla sua morte :$bTorino, 8 febbraio 1997 /$ca cura della Facoltà Teologica dell'Italia Settentrionale : Sezione Parallela di Torino. 260 $aLeumann (Torino) :$bElle Di Ci,$ccopyr. 1997. 300 $a135 p. ;$c24 cm. 500 $aTit. in coperta : Archivio teologico torinese, Anno 3 1997 n.1. - Fondo Card. C.M. Martini. 600 14$aPellegrino, Michele .$0(OLS)http://semarc/subject/8154 710 2 $aFacoltà Teologica dell'Italia Settentrionale : Sezione di Torino.$0(OLS)http://semarc/name/2461 850 $aSeMil 852 $aSeMil$W1$xVenegono$y1$m3B V 153$j72106$B72106$CSeMilBibl$Z2$F75933 $81 941 1 $a4 961 $aOmaggio: Martini Card. Carlo Maria 996 $6020$a88-01-00887-2$9(OLS)http://semarc/number/100860 996 $6245$aAtti del Convegno su Michele Pellegrino a dieci anni dalla sua morte :$bTorino, 8 febbraio 1997$9(OLS)http://semarc/title/171123 996 $6260$aLeumann (Torino) :$bElle Di Ci$9(OLS)http://semarc/publisher/29809